Применение методов машинного обучения для распознавания микро-выражений лица; Молодежь и современные информационные технологии

Bibliographic Details
Parent link:Молодежь и современные информационные технологии.— 2021.— [С. 70-72]
Main Author: Спицын В. Г. Владимир Григорьевич
Corporate Author: Национальный исследовательский Томский политехнический университет Управление проректора по цифровизации Информационно-аналитическое управление Центр информационных технологий
Other Authors: Коровкин В. А. Виталий Александрович, Видман В. В. Виталий Викторович
Summary:Заглавие с титульного экрана
Language:Russian
Published: 2021
Series:Искусственный интеллект и машинное обучение
Subjects:
Online Access:http://earchive.tpu.ru/handle/11683/68009
Format: Electronic Book Chapter
KOHA link:https://koha.lib.tpu.ru/cgi-bin/koha/opac-detail.pl?biblionumber=633150

MARC

LEADER 00000naa2a2200000 4500
001 633150
005 20240209102634.0
035 |a (RuTPU)RU\TPU\conf\34898 
035 |a RU\TPU\conf\34896 
090 |a 633150 
100 |a 20210702d2021 k y0rusy50 ca 
101 0 |a rus 
102 |a RU 
105 |a y z 101zy 
135 |a drgn ---uucaa 
181 0 |a i  
182 0 |a b 
200 1 |a Применение методов машинного обучения для распознавания микро-выражений лица  |f В. Г. Спицын, В. А. Коровкин, В. В. Видман 
203 |a Текст  |c электронный 
225 1 |a Искусственный интеллект и машинное обучение 
300 |a Заглавие с титульного экрана 
320 |a [Библиогр.: с. 72 (6 назв.)] 
463 0 |0 (RuTPU)RU\TPU\conf\34857  |t Молодежь и современные информационные технологии  |o сборник трудов XVIII Международной научно-практической конференции студентов, аспирантов и молодых учёных, 22-26 марта 2021 г., г. Томск  |f Национальный исследовательский Томский политехнический университет, Инженерная школа информационных технологий и робототехники ; под ред. Н. Г. Маркова [и др.]  |v [С. 70-72]  |d 2021 
610 1 |a электронный ресурс 
610 1 |a труды учёных ТПУ 
610 1 |a машинное обучение 
610 1 |a распознавание лиц 
610 1 |a выражения 
610 1 |a эмоции 
610 1 |a алгоритмы 
700 1 |a Спицын  |b В. Г.  |c специалист в области информатики и вычислительной техники  |c профессор Томского политехнического университета, доктор технических наук  |f 1948-  |g Владимир Григорьевич  |3 (RuTPU)RU\TPU\pers\22707  |9 9740 
701 1 |a Коровкин  |b В. А.  |c специалист в области информатики и вычислительной техники  |c программист Томского политехнического университета  |f 1990-  |g Виталий Александрович  |3 (RuTPU)RU\TPU\pers\31655 
701 1 |a Видман  |b В. В.  |c специалист в области информатики и вычислительной техники  |c ассистент Томского политехнического университета  |f 1993-  |g Виталий Викторович  |3 (RuTPU)RU\TPU\pers\40161  |9 21270 
712 0 2 |a Национальный исследовательский Томский политехнический университет  |b Управление проректора по цифровизации  |b Информационно-аналитическое управление  |b Центр информационных технологий  |3 (RuTPU)RU\TPU\col\25237 
801 2 |a RU  |b 63413507  |c 20210809  |g RCR 
856 4 |u http://earchive.tpu.ru/handle/11683/68009 
942 |c BK